Chile 2001-2002: impactos y desafíos de las crisis internacionales

Uloženo v:
Podrobná bibliografie
Korporativní autor: Flacso Chile (Autor)
Médium: Kniha
Jazyk:španělština
Vydáno: Santiago FLACSO 2002
Témata:
Tagy: Přidat tag
Žádné tagy, Buďte první, kdo vytvoří štítek k tomuto záznamu!

MARC

LEADER 00000nam a2200000 a 4500
001 UCG5517
003 CL-VaPUC
008 110310e20020000CL |||||||||||||||||spa|d
020 |a 9562051722 
082 0 4 |a 327  |b FLA  |2 21 
110 2 |a Flacso Chile  |e author  |9 555235 
245 1 0 |a Chile 2001-2002: impactos y desafíos de las crisis internacionales 
300 |a 324 p 
942 |c BK 
945 |d 20110310 00:00:00  |a dcastane 
260 |a Santiago  |b FLACSO  |c 2002 
650 0 |a Terrorismo   |9 255070 
650 0 |a Relaciones Internacionales  |9 255740 
650 0 |a Integración económica  |9 255024 
650 0 |a Derechos humanos  |9 223025 
583 |a last modification  |c 20110310 00:00:00  |k Rodrigo Vera 
999 |c 343994  |d 343992